000 00278nam a2200121 i 4500
001 bg
245 0 _aProblemy matematiceskogo analiza :
_bWypusk 3.
260 _aLeningrad,
_c1972.
040 _cBPK
041 _apol
942 _cKS
008 s pl f |000 0 pol
999 _c14764
_d14764
856 _uhttp://koha.tu.koszalin.pl/cgi-bin/koha/opac-detail.pl?biblionumber=14764
_yKatalog online BPK